000 00713nam a2200241Ia 4500
003 OSt
005 20220923224747.0
006 a|||||r|||| 00| 0
007 ta
008 220922b |||||||| |||| 00| 0 hin d
024 _a249,786
037 _cTextual
040 _aARTS
_cARTS
_bhin
041 _2hin
_ahin
082 _aO152,1I83x, G6
100 _aरत्नाकार
_9156277
245 0 _aसुरसागर
246 _aSurasāgara
260 _aकाशी
_b नागरोप्रचारिणी
_c1956
650 _aहिन्दी साहित्य
_9156264
942 _hO152,1I83x, G6
_cTEXL
_2CC
999 _c373501
_d373501